| Tag |
First Indicator |
Second Indicator |
Subfields |
| LEADER |
00000cam a2200000 a 4500 |
| 001 |
in00002789877 |
| 005 |
20151202172729.0 |
| 008 |
121123s2012 gw 000 f ger d |
| 020 |
|
|
|a 9783630873022 (hd.bd.)
|
| 020 |
|
|
|a 3630873022 (hd.bd.)
|
| 035 |
|
|
|a (OCoLC)ocn819379541
|
| 040 |
|
|
|a OHX
|c OHX
|d SBM
|d TXA
|d UtOrBLW
|
| 049 |
|
|
|a TXAM
|
| 090 |
|
|
|a PT2675.R748
|b K56 2012
|
| 100 |
1 |
|
|a Ortheil, Hanns-Josef.
|
| 245 |
1 |
4 |
|a Das Kind, das nicht fragte :
|b Roman /
|c Hanns-Josef Ortheil.
|
| 264 |
|
1 |
|a München :
|b Luchterhand,
|c [2012]
|
| 264 |
|
4 |
|c ©2012
|
| 300 |
|
|
|a 427 pages ;
|c 22 cm.
|
| 336 |
|
|
|a text
|b txt
|2 rdacontent
|
| 337 |
|
|
|a unmediated
|b n
|2 rdamedia
|
| 338 |
|
|
|a volume
|b nc
|2 rdacarrier
|
| 948 |
|
|
|a cataloged
|b h
|c 2013/1/17
|d c
|e dmitchel
|f 11:10:20 am
|
| 994 |
|
|
|a C0
|b TXA
|
| 999 |
|
|
|a MARS
|
| 999 |
f |
f |
|s fc6ff5b3-5603-3168-a338-3798711baee9
|i 74194919-e416-3dc8-a2c7-9f431c9769f8
|t 0
|
| 952 |
f |
f |
|p normal
|a Texas A&M University
|b College Station
|c Sterling C. Evans Library
|d Evans: Library Stacks
|t 0
|e PT2675.R748 K56 2012
|h Library of Congress classification
|i unmediated -- volume
|m A14838075117
|
| 998 |
f |
f |
|a PT2675.R748 K56 2012
|t 0
|l Evans: Library Stacks
|